000 00668nam a2200229Ia 4500
005 20260429111856.0
008 260429s9999||||xx |||||||||||||| ||und||
020 _a9781782629924
041 _aEnglish
082 _a615.19
_bWAR
100 _aWaring, Michael J.
245 0 _aDNA-targeting molecules as therapeutic agents /
_cMichael J. Waring
260 _aCambridge :
_bRoyal Society of Chemistry,
_c2018.
300 _axvii, 414 p.; hb
650 _a DNA interactions
650 _a Drug design
650 _a Molecular medicine
650 _a Pharmaceutical chemistry
650 _a Therapeutic agents
650 _aDNA-targeting drugs
942 _cTB
999 _c51235
_d51235